Directory of union ministers 1947-1987 (Record no. 3404)

MARC details
000 -LEADER
fixed length control field 00544cam a2200205ua 4500
001 - CONTROL NUMBER
control field 3565
005 - DATE AND TIME OF LATEST TRANSACTION
control field 20260515113711.0
008 - FIXED-LENGTH DATA ELEMENTS--GENERAL INFORMATION
fixed length control field 111121n ii |||gr||||Z||||||eng
020 ## - INTERNATIONAL STANDARD BOOK NUMBER
International Standard Book Number 81-85047-30-8
040 ## - CATALOGING SOURCE
Transcribing agency MAIN
082 ## - DEWEY DECIMAL CLASSIFICATION NUMBER
Classification number 352.293
100 ## - MAIN ENTRY--PERSONAL NAME
Personal name Kohli, A. B.,
245 11 - TITLE STATEMENT
Title Directory of union ministers 1947-1987
Statement of responsibility, etc. by A. B. Kohli
250 ## - EDITION STATEMENT
Edition statement 1st.
260 ## - PUBLICATION, DISTRIBUTION, ETC.
Place of publication, distribution, etc. New Delhi:
Name of publisher, distributor, etc. Reliance publishing house,988.
300 ## - PHYSICAL DESCRIPTION
Extent 136p:
Dimensions 23cm.
653 ## - INDEX TERM--UNCONTROLLED
Uncontrolled term Political science
653 ## - INDEX TERM--UNCONTROLLED
Uncontrolled term Directory of union ministers 1947-1987
942 ## - ADDED ENTRY ELEMENTS (KOHA)
Koha item type Books
Holdings
Withdrawn status Lost status Damaged status Not for loan Home library Current library Shelving location Date acquired Total checkouts Full call number Barcode Date last seen Copy number Price effective from Koha item type
        Naharkatiya College Library Naharkatiya College Library General stacks 09/19/2020   352.293 | KOH 3694 09/19/2020 1 09/19/2020 Books